00295nam a2200121Ia 45000030006000000080041000060400015000471000012000622450044000742600026001185460012001440050017001560STCL150530s9999 xx 000 0 und d aSTCLcSTCL aOsborne aLook back in anger a play in three acts bFaber and Faberc1976 aEnglish20220125171001.0